[Event "Olimpiade 2022 - Open"]
[Site "Chennai"]
[Date "05.08.2022"]
[Round "7.22"]
[Board "4"]
[White "Baenziger, Fabian"]
[Black "Ribera Veganzones, Serni"]
[Result "1-0"]
[WhiteTitle "IM"]
[BlackTitle "CM"]
[WhiteElo "2451"]
[BlackElo "2203"]
[WhiteTeam "Switzerland"]
[BlackTeam "Andorra"]
[WhiteFideId "1330110"]
[BlackFideId "6900860"]
[EventDate "2022.07.29"]

1. d4 Nf6 2. c4 e6 3. Nf3 b6 4. g3 Ba6 5. b3 b5 6. cxb5 Bxb5 7. Bg2 Bc6 8. O-O
Qc8 9. Bg5 Ne4 10. Bf4 d6 11. Nfd2 Nxd2 12. Bxc6+ Nxc6 13. Qxd2 Nd8 14. Nc3 Be7
15. Rac1 Qd7 16. e4 O-O 17. d5 c6 18. dxc6 Nxc6 19. Rfd1 Rfd8 20. Nb5 Bf8 21.
Qc3 Ne5 22. Nc7 Rac8 23. Bxe5 Qe7 24. Bf4 1-0

[Event "Olimpiade 2022 - Open"]
[Site "Chennai"]
[Date "05.08.2022"]
[Round "7.23"]
[Board "1"]
[White "Amin, Bassem"]
[Black "Baburin, Alexander"]
[Result "1-0"]
[WhiteTitle "GM"]
[BlackTitle "GM"]
[WhiteElo "2680"]
[BlackElo "2400"]
[WhiteTeam "Egypt"]
[BlackTeam "Ireland"]
[WhiteFideId "10601457"]
[BlackFideId "2500914"]
[EventDate "2022.07.29"]

1. e4 Nf6 2. e5 Nd5 3. d4 d6 4. c4 Nb6 5. f4 Bf5 6. Nc3 e6 7. Nf3 Be7 8. Be3 O-O
9. Be2 dxe5 10. fxe5 Nc6 11. O-O f6 12. exf6 Bxf6 13. Qd2 h6 14. Rad1 Qe8 15.
Bf2 Bg4 16. b3 Qg6 17. Nh4 Bxh4 18. Bxh4 e5 19. dxe5 Nxe5 20. Bg3 Rfe8 21. Bxg4
Nxg4 22. Rfe1 Qf5 23. Nb5 Rxe1+ 24. Rxe1 c6 25. Nd6 Qc5+ 26. Kh1 Rf8 27. h3 Qh5
28. Nxb7 Qf7 29. hxg4 Qxb7 30. Qd6 Qc8 31. Re6 Re8 32. Rg6 Nd7 1-0

[Event "Olimpiade 2022 - Open"]
[Site "Chennai"]
[Date "05.08.2022"]
[Round "7.23"]
[Board "2"]
[White "Murphy, Conor E"]
[Black "Fawzy, Adham"]
[Result "1-0"]
[WhiteTitle "IM"]
[BlackTitle "GM"]
[WhiteElo "2404"]
[BlackElo "2471"]
[WhiteTeam "Ireland"]
[BlackTeam "Egypt"]
[WhiteFideId "421669"]
[BlackFideId "10613129"]
[EventDate "2022.07.29"]

1. e4 c5 2. Nf3 Nc6 3. Nc3 Nf6 4. Bb5 Nd4 5. e5 Nxb5 6. Nxb5 Nd5 7. O-O a6 8. c4
Nb4 9. Nc3 g6 10. Ne4 Bg7 11. Nxc5 O-O 12. d4 d6 13. exd6 exd6 14. Nd3 Qb6 15.
Qb3 a5 16. Be3 Bg4 17. d5 Qd8 18. Nxb4 Bxf3 19. Nc2 Be4 20. Nd4 Be5 21. h3 Qh4
22. Nb5 g5 23. Rad1 g4 24. Bd4 gxh3 25. Qxh3 Qxh3 26. gxh3 Bf3 27. Rde1 Bf4 28.
Be3 Be5 29. Bd4 Bf4 30. Be3 Be5 31. Bh6 Rfc8 32. Re3 Bh5 33. b3 Kh8 34. f4 Bf6
35. Kh2 a4 36. Nxd6 Rd8 37. Rfe1 axb3 38. axb3 Rg8 39. Bg5 Ra2+ 40. Kh1 Bxg5 41.
fxg5 Rxg5 42. Rg1 Rxg1+ 43. Kxg1 Kg7 44. Nxb7 f5 45. Nc5 Kf6 46. Nd3 Kg5 47. d6
f4 48. d7 1-0

[Event "Olimpiade 2022 - Open"]
[Site "Chennai"]
[Date "05.08.2022"]
[Round "7.23"]
[Board "4"]
[White "Kanyamarala, Tarun"]
[Black "Wageih, Kareim"]
[Result "1/2-1/2"]
[WhiteTitle "FM"]
[BlackTitle "IM"]
[WhiteElo "2379"]
[BlackElo "2387"]
[WhiteTeam "Ireland"]
[BlackTeam "Egypt"]
[WhiteFideId "45004714"]
[BlackFideId "10604561"]
[EventDate "2022.07.29"]

1. d4 d5 2. c4 c6 3. Nf3 Nf6 4. g3 Bg4 5. Ne5 Bf5 6. Nc3 e6 7. Qb3 Qb6 8. c5
Qxb3 9. axb3 Nbd7 10. Nf3 a6 11. h3 h6 12. b4 Rc8 13. g4 Bh7 14. Bf4 g5 15. Bh2
Bg7 16. Nd2 Ne4 17. Ndxe4 dxe4 18. e3 O-O 19. Bd6 Rfe8 20. Bg2 f5 21. Bf1 Nf6
22. gxf5 Bxf5 23. Bg2 Nd5 24. Nxe4 Nxb4 25. Ra4 a5 26. Rxa5 e5 27. Ng3 Bg6 28.
dxe5 Bxe5 29. O-O Rcd8 30. Ra7 Rd7 31. Be4 Bxe4 32. Nxe4 Bxb2 33. Rb1 Rxe4 34.
Rxb2 Rc4 35. Kg2 Nd3 36. Rbxb7 Rxb7 37. Rxb7 Nxc5 38. Rb8+ Kf7 39. Rh8 Kg6 40.
Bf8 Ne4 41. Rxh6+ Kf7 42. Bd6 Kg7 43. Re6 Kf7 44. Re7+ Kf6 45. Ba3 Ra4 46. Re8
Nxf2 47. Rc8 Ne4 48. Rxc6+ Kf5 49. Bb2 Ra2 50. Rb6 Nd2 51. Kg3 Ne4+ 52. Kf3 Nd2+
53. Kg3 Ne4+ 1/2-1/2

[Event "Olimpiade 2022 - Open"]
[Site "Chennai"]
[Date "05.08.2022"]
[Round "7.24"]
[Board "3"]
[White "Yordanov, Lachezar"]
[Black "Markoja, Boris"]
[Result "1/2-1/2"]
[WhiteTitle "FM"]
[BlackTitle "IM"]
[WhiteElo "2316"]
[BlackElo "2452"]
[WhiteTeam "Bulgaria"]
[BlackTeam "Slovenia"]
[WhiteFideId "2918927"]
[BlackFideId "14608502"]
[EventDate "2022.07.29"]

1. d4 Nf6 2. c4 e6 3. Nc3 Bb4 4. e3 b6 5. Ne2 Ba6 6. a3 Be7 7. Ng3 d5 8. cxd5
Bxf1 9. Nxf1 exd5 10. b4 O-O 11. Ng3 c5 12. bxc5 bxc5 13. dxc5 Na6 14. Nf5 Bxc5
15. O-O Re8 16. Qd3 Nc7 17. Bb2 Bf8 18. Rfd1 Rb8 19. Rab1 Qd7 20. Ne2 Ne4 21.
Neg3 Nxg3 22. Nxg3 Rb7 23. Ba1 Rxb1 24. Rxb1 Qa4 25. Nf5 Ne6 26. h3 Qc4 27. Rd1
Rc8 28. Be5 Qe4 29. Qxe4 dxe4 30. Bxg7 Nxg7 31. Nh6+ Kh8 32. Nxf7+ 1/2-1/2

[Event "Olimpiade 2022 - Open"]
[Site "Chennai"]
[Date "05.08.2022"]
[Round "7.24"]
[Board "4"]
[White "Dobrovoljc, Vid"]
[Black "Tashev, Aleksandar"]
[Result "1-0"]
[WhiteTitle "FM"]
[WhiteElo "2398"]
[BlackElo "2262"]
[WhiteTeam "Slovenia"]
[BlackTeam "Bulgaria"]
[WhiteFideId "14609843"]
[BlackFideId "2924293"]
[EventDate "2022.07.29"]

1. e4 c5 2. Nc3 Nc6 3. Bb5 d6 4. Bxc6+ bxc6 5. f4 Nf6 6. Nf3 g6 7. O-O Bg7 8. d3
Rb8 9. Qe1 Nd7 10. Rb1 O-O 11. Bd2 e6 12. b3 Qc7 13. f5 exf5 14. exf5 Nf6 15.
fxg6 fxg6 16. Qh4 Bf5 17. Rbe1 Rbe8 18. Ne4 Nxe4 19. dxe4 Bc8 20. c4 Qe7 21. Bg5
Qe6 22. h3 Rf7 23. Rd1 Rd7 24. Bf4 Bf6 25. Qg3 Red8 26. Rfe1 Qe7 27. Kh2 Bg7 28.
Bg5 Bf6 29. e5 dxe5 30. Rxd7 Bxd7 31. Rxe5 Bxe5 32. Qxe5 Qxe5+ 33. Nxe5 Re8 34.
Nxd7 Re2 35. a4 Kf7 36. Bf4 Ke6 37. Nxc5+ Kf5 38. Bb8 Re7 39. a5 h5 40. a6 g5
41. Nb7 Re3 42. Na5 c5 43. Bxa7 Re6 44. Bxc5 Rxa6 45. b4 h4 46. Bf2 Ke4 47. c5
Kd3 48. c6 Ke2 49. c7 Ra8 50. Nc6 Rc8 51. Bb6 1-0

[Event "Olimpiade 2022 - Open"]
[Site "Chennai"]
[Date "05.08.2022"]
[Round "7.25"]
[Board "2"]
[White "Morovic Fernandez, Ivan"]
[Black "Miezis, Normunds"]
[Result "1-0"]
[WhiteTitle "GM"]
[BlackTitle "GM"]
[WhiteElo "2489"]
[BlackElo "2446"]
[WhiteTeam "Chile"]
[BlackTeam "Latvia"]
[WhiteFideId "3405400"]
[BlackFideId "11600136"]
[EventDate "2022.07.29"]

1. d4 Nf6 2. c4 e6 3. Nc3 Bb4 4. e3 O-O 5. Bd2 d6 6. Nf3 c5 7. a3 Ba5 8. dxc5
dxc5 9. Qc2 Nc6 10. Bd3 Qe7 11. O-O-O Bxc3 12. Bxc3 e5 13. Ng5 h6 14. Nh7 Nxh7
15. Bxh7+ Kh8 16. Be4 Bd7 17. Rd2 f6 18. Rhd1 Be6 19. Bd5 Rac8 20. Qe4 Rc7 21.
Bxe6 Qxe6 22. Rd6 Qe8 23. g4 a6 24. R6d5 Qe7 25. Qf5 Qe8 26. Qe4 Qe7 27. Qd3 e4
28. Qe2 Rb8 29. g5 hxg5 30. h4 gxh4 31. Qg4 Kg8 32. Rd7 Rxd7 33. Rxd7 Qf8 34.
Qxe4 Nd8 35. Qxh4 b5 36. Qg3 Nc6 37. Qc7 b4 38. Qxc6 bxc3 39. Qe6+ Kh7 40. Qf5+
Kh8 41. bxc3 Qe8 42. Qg4 Qf8 43. Qh3+ Kg8 44. Qe6+ Kh7 45. Rd5 Rd8 46. Qe4+ g6
47. Rh5+ Kg8 48. Qxg6+ Qg7 49. Qxg7+ Kxg7 50. Rxc5 Kg6 51. Kc2 Rd6 52. Rd5 Rc6
53. c5 Rc8 54. Kd3 f5 55. Kd4 a5 56. Rd6+ Kg5 57. c6 Kg4 58. Kc5 Kf3 59. Rd2 1-0

[Event "Olimpiade 2022 - Open"]
[Site "Chennai"]
[Date "05.08.2022"]
[Round "7.26"]
[Board "1"]
[White "Gretarsson, Hjorvar Steinn"]
[Black "Matamoros Franco, Carlos S."]
[Result "1/2-1/2"]
[WhiteTitle "GM"]
[BlackTitle "GM"]
[WhiteElo "2563"]
[BlackElo "2459"]
[WhiteTeam "Iceland"]
[BlackTeam "Ecuador"]
[WhiteFideId "2302241"]
[BlackFideId "3600017"]
[EventDate "2022.07.29"]

1. c4 e6 2. Nc3 d5 3. d4 Nf6 4. cxd5 exd5 5. Bg5 c6 6. e3 h6 7. Bh4 Be7 8. Bd3
O-O 9. Qc2 Re8 10. Nge2 Nbd7 11. O-O Nh5 12. Bxe7 Qxe7 13. Rae1 Nf8 14. Nc1 Nf6
15. Nb3 Ne6 16. f3 a5 17. Na4 Qd8 18. Nbc5 b6 19. Nxe6 Rxe6 20. Re2 Bd7 21. Rd1
c5 22. Nc3 Qe7 23. Qd2 Re8 24. Rde1 cxd4 25. exd4 Qb4 26. Rxe6 Rxe6 27. Rxe6
Bxe6 28. Bf1 Ne8 29. a3 Qd6 30. Nb5 Qd8 31. Qf4 Bd7 32. Nc3 Bc6 33. Bd3 Qg5 34.
Qxg5 hxg5 35. Kf2 Kf8 36. Ke3 Ke7 37. f4 gxf4+ 38. Kxf4 Nc7 39. h4 Ne6+ 40. Ke3
f6 41. g3 Kd6 42. Bf5 Nc7 43. Ne2 Ke7 44. Nf4 Ne8 45. Bd3 Nc7 46. g4 Bd7 47. g5
fxg5 48. hxg5 Kd6 49. Nh5 Ne6 50. g6 Be8 51. Bf5 Nf8 52. Nf4 Bd7 53. Bc2 Ne6 54.
Nd3 Be8 55. Ne5 Ke7 56. Bd3 Kf6 57. Ba6 Nf8 58. Bd3 Ne6 59. Ng4+ Kg5 60. Ne5 Kf6 1/2-1/2

[Event "Olimpiade 2022 - Open"]
[Site "Chennai"]
[Date "05.08.2022"]
[Round "7.26"]
[Board "2"]
[White "Mieles Palau, Daniel"]
[Black "Stefansson, Hannes"]
[Result "1/2-1/2"]
[WhiteTitle "IM"]
[BlackTitle "GM"]
[WhiteElo "2364"]
[BlackElo "2541"]
[WhiteTeam "Ecuador"]
[BlackTeam "Iceland"]
[WhiteFideId "3600467"]
[BlackFideId "2300087"]
[EventDate "2022.07.29"]

1. c4 e5 2. Nc3 Nf6 3. Nf3 Nc6 4. e4 Bb4 5. d3 d6 6. a3 Bc5 7. b4 Bb6 8. Be2 Nd4
9. Nxd4 Bxd4 10. Bb2 c6 11. O-O O-O 12. Na4 Bxb2 13. Nxb2 d5 14. cxd5 cxd5 15.
d4 Qe7 16. exd5 e4 17. d6 Qxd6 18. Nc4 Qe7 19. d5 Rd8 20. Ne3 Qe5 21. Qb3 Bd7
22. Rad1 Rac8 23. Nc4 Qg5 24. Na5 Rb8 25. Kh1 Be8 26. f4 Qf5 27. d6 Bd7 28. Qe3
Ba4 29. Rd2 b6 30. Nc4 Bb5 31. Ne5 Bxe2 32. Qxe2 Rbc8 33. Qe3 Nd7 34. Nxd7 Rxd7
35. Rfd1 Qe6 36. Rd5 f5 37. h3 Rcd8 38. Re5 Qf7 39. Qc3 h6 40. Qc6 Kh7 41. Kh2
Qf6 42. Red5 Kg6 43. R5d4 Qh4 44. g3 Qf6 45. g4 e3 46. gxf5+ Qxf5 47. Qe4 Qxe4
48. Rxe4 Rxd6 1/2-1/2

[Event "Olimpiade 2022 - Open"]
[Site "Chennai"]
[Date "05.08.2022"]
[Round "7.26"]
[Board "3"]
[White "Kjartansson, Gudmundur"]
[Black "Bastidas Rodriguez, Emilio"]
[Result "1-0"]
[WhiteTitle "GM"]
[BlackTitle "IM"]
[WhiteElo "2448"]
[BlackElo "2351"]
[WhiteTeam "Iceland"]
[BlackTeam "Ecuador"]
[WhiteFideId "2301318"]
[BlackFideId "3600459"]
[EventDate "2022.07.29"]

1. e4 c5 2. Nf3 d6 3. d4 cxd4 4. Nxd4 Nf6 5. Nc3 a6 6. h3 e6 7. g4 b5 8. g5 b4
9. gxf6 bxc3 10. fxg7 Bxg7 11. bxc3 Qc7 12. Bd2 Nd7 13. Rg1 Bf6 14. Qh5 Qc5 15.
Qxc5 Nxc5 16. f3 Bb7 17. Nb3 Na4 18. Na5 Bc8 19. Nc4 Nxc3 20. Bg5 Nxe4 21. Nxd6+
Kf8 22. Bxf6 Nxf6 23. O-O-O Bd7 24. Ne4 Nd5 25. c4 Rc8 26. Kb2 Nb6 27. c5 Na4+
28. Ka3 Bc6 29. Rd6 Bxe4 30. Kxa4 Bxf3 31. Bxa6 Ra8 32. Kb4 Ke7 33. a4 Rhb8+ 34.
Bb5 Be2 35. Rd7+ Kf6 36. Rb1 Bxb5 37. axb5 Rxb5+ 38. Kxb5 Rb8+ 39. Ka6 Rxb1 40.
c6 Rc1 41. c7 e5 42. Kb7 Ke6 43. c8=Q Rxc8 44. Kxc8 e4 45. Kc7 h5 46. Kc6 f5 47.
Rd8 Ke5 48. Kc5 h4 49. Rf8 Kf4 50. Kd4 Kg3 51. Rxf5 Kxh3 52. Rg5 Kh2 53. Kxe4 h3
54. Kf3 Kh1 55. Ra5 1-0

[Event "Olimpiade 2022 - Open"]
[Site "Chennai"]
[Date "05.08.2022"]
[Round "7.26"]
[Board "4"]
[White "Noboa Silva, Kevin"]
[Black "Gretarsson, Helgi Ass"]
[Result "1/2-1/2"]
[WhiteTitle "FM"]
[BlackTitle "GM"]
[WhiteElo "2304"]
[BlackElo "2472"]
[WhiteTeam "Ecuador"]
[BlackTeam "Iceland"]
[WhiteFideId "3618471"]
[BlackFideId "2300699"]
[EventDate "2022.07.29"]

1. d4 d5 2. c4 e6 3. Nc3 Nf6 4. cxd5 exd5 5. Bg5 c6 6. e3 Bd6 7. Bd3 O-O 8. Qc2
h6 9. Bh4 Re8 10. Nge2 a5 11. h3 Na6 12. a3 Nc7 13. O-O Bd7 14. Rac1 Rb8 15. Na4
Ne6 16. Bh7+ Kh8 17. Bf5 Ng5 18. Nc5 Bxc5 19. dxc5 Bxf5 20. Qxf5 Nge4 21. Nd4 g6
22. Bxf6+ Qxf6 23. Qxf6+ Nxf6 24. b4 axb4 25. axb4 Ra8 26. Ra1 Nd7 27. Rfd1 Ne5
28. b5 Kg7 29. b6 Nd7 30. Nb3 Kf8 31. Kf1 Ke7 32. Ke2 Nf6 33. f3 h5 34. Kd3 Kd7
35. Kd4 h4 36. Rxa8 Rxa8 37. Ra1 Rxa1 38. Nxa1 Nh5 39. Nb3 f6 40. Na5 Kc8 41.
Nb3 Kd7 42. Nd2 Ng7 43. Kc3 Ne6 44. Kb4 Kc8 45. Nf1 Kd7 46. Nd2 Kc8 47. Nb3 Kd7
48. Nc1 d4 49. exd4 Nxd4 50. Nd3 Nc2+ 51. Kc3 Ne3 52. Ne1 Ke6 53. Kd4 Nf5+ 54.
Kc4 Ne3+ 55. Kd4 Nf5+ 56. Kc4 Ne3+ 1/2-1/2

[Event "Olimpiade 2022 - Open"]
[Site "Chennai"]
[Date "05.08.2022"]
[Round "7.27"]
[Board "3"]
[White "Noritsyn, Nikolay"]
[Black "Olson, Hamish"]
[Result "0-1"]
[WhiteTitle "IM"]
[BlackTitle "FM"]
[WhiteElo "2482"]
[BlackElo "2343"]
[WhiteTeam "Canada"]
[BlackTeam "Scotland"]
[WhiteFideId "2604922"]
[BlackFideId "2404257"]
[EventDate "2022.07.29"]

1. e4 e5 2. Nf3 Nc6 3. Bb5 a6 4. Ba4 Nf6 5. O-O Be7 6. Re1 b5 7. Bb3 d6 8. c3
O-O 9. d3 Na5 10. Bc2 c5 11. Bg5 Nc6 12. Nbd2 Be6 13. Nf1 Nd7 14. Bxe7 Qxe7 15.
Ne3 Nf6 16. d4 cxd4 17. cxd4 Nxd4 18. Nxd4 exd4 19. Qxd4 Rfd8 20. h3 Nh5 21.
Rad1 Qg5 22. Nf5 Nf4 23. g3 Nxh3+ 24. Kh2 Bxf5 25. exf5 Qh5 26. Kg2 Ng5 27. Re3
Qh3+ 28. Kg1 Rac8 29. Bd3 h5 30. f6 Re8 31. fxg7 h4 32. Be2 Rxe3 33. Qxe3 hxg3
34. fxg3 Qh6 35. Qd2 Qxg7 36. Kg2 Qe5 37. Qd3 Ne4 38. Re1 Rc2 39. Qe3 Rxb2 40.
a3 Nc3 0-1

[Event "Olimpiade 2022 - Open"]
[Site "Chennai"]
[Date "05.08.2022"]
[Round "7.28"]
[Board "1"]
[White "Carlsen, Magnus"]
[Black "Stanojoski, Zvonko"]
[Result "1-0"]
[WhiteTitle "GM"]
[BlackTitle "GM"]
[WhiteElo "2864"]
[BlackElo "2412"]
[WhiteTeam "Norway"]
[BlackTeam "North Macedonia"]
[WhiteFideId "1503014"]
[BlackFideId "15000257"]
[EventDate "2022.07.29"]

1. d4 d5 2. Bf4 e6 3. e3 Nf6 4. Nf3 Bd6 5. Nbd2 Bxf4 6. exf4 c5 7. dxc5 Qc7 8.
g3 Qxc5 9. Bd3 Qb6 10. Nb3 O-O 11. O-O Na6 12. c3 Bd7 13. a4 Nc5 14. Nxc5 Qxc5
15. Nd4 a5 16. Re1 Qb6 17. Qc2 Rfe8 18. Re5 Bc6 19. Qe2 Nd7 20. Re3 Nc5 21. Bc2
g6 22. b3 Ne4 23. Rd1 Rac8 24. h4 e5 25. fxe5 Rxe5 26. Qg4 Rce8 27. Rde1 Nf6 28.
Qf4 Rxe3 29. Rxe3 Rxe3 30. Qxe3 Qc5 31. Qf4 Nd7 32. Qd2 Ne5 33. Qe3 Qd6 34. h5
Qf6 35. Bd1 Bd7 36. h6 g5 37. Nf3 Ng4 38. Qa7 Qxh6 39. Qxb7 Nf6 40. Qb8+ Kg7 41.
Qe5 g4 42. Nd4 Qc1 43. Kg2 h6 44. Bc2 Qd2 45. Bf5 Qg5 46. b4 Bxa4 47. bxa5 Bd1
48. a6 Qc1 49. a7 Qa1 50. Qe7 Bf3+ 51. Nxf3 gxf3+ 52. Kxf3 Qh1+ 53. Ke2 Qh5+ 54.
g4 Nxg4 55. a8=Q Ne5+ 56. Ke3 Qxf5 57. Qef8+ Kg6 58. Qa6+ f6 59. Qg8+ Kh5 60.
Qe2+ Ng4+ 61. Kd4 Kh4 62. Qxd5 Qf4+ 63. Qde4 Qd6+ 64. Kc4 h5 65. f3 Qa6+ 66. Kb3
Qb6+ 67. Kc2 f5 68. Qh2+ Kg5 69. Qhf4+ 1-0

[Event "Olimpiade 2022 - Open"]
[Site "Chennai"]
[Date "05.08.2022"]
[Round "7.28"]
[Board "2"]
[White "Risteski, Emil"]
[Black "Tari, Aryan"]
[Result "0-1"]
[WhiteTitle "FM"]
[BlackTitle "GM"]
[WhiteElo "2405"]
[BlackElo "2672"]
[WhiteTeam "North Macedonia"]
[BlackTeam "Norway"]
[WhiteFideId "15005267"]
[BlackFideId "1510045"]
[EventDate "2022.07.29"]

1. e4 c6 2. d4 d5 3. e5 c5 4. dxc5 e6 5. Nf3 Bxc5 6. Bd3 Ne7 7. O-O Ng6 8. Nbd2
Nc6 9. Nb3 Bb6 10. Re1 O-O 11. c3 Bc7 12. Bxg6 fxg6 13. Nbd4 Bd7 14. a4 h6 15.
Nxc6 bxc6 16. Be3 g5 17. Bd4 a5 18. b4 Rf4 19. g3 Rf5 20. Rb1 Qe8 21. Kg2 c5 22.
Bxc5 Bxa4 23. Qd2 axb4 24. cxb4 Bd7 25. b5 Ba5 26. Bb4 Bb6 27. Nd4 Bxd4 28. Qxd4
Bxb5 29. Bd6 Ra2 30. Rb2 Rxb2 31. Qxb2 Qh5 32. Qd4 g4 0-1

[Event "Olimpiade 2022 - Open"]
[Site "Chennai"]
[Date "05.08.2022"]
[Round "7.28"]
[Board "4"]
[White "Nikolovski, Nikola"]
[Black "Urkedal, Frode Olav Olsen"]
[Result "1/2-1/2"]
[WhiteTitle "IM"]
[BlackTitle "GM"]
[WhiteElo "2366"]
[BlackElo "2555"]
[WhiteTeam "North Macedonia"]
[BlackTeam "Norway"]
[WhiteFideId "15002314"]
[BlackFideId "1506102"]
[EventDate "2022.07.29"]

1. f4 Nf6 2. Nf3 g6 3. b3 Bg7 4. Bb2 O-O 5. e3 c5 6. Be2 b6 7. O-O Bb7 8. Qe1 e6
9. d3 d5 10. Nbd2 Nc6 11. Ne5 Rc8 12. Nxc6 Bxc6 13. Kh1 Re8 14. Be5 Bf8 15. Bb2
Bg7 16. Be5 Qe7 17. a4 Red8 18. Rd1 Ne8 19. Bxg7 Nxg7 20. e4 Rd7 21. e5 Nf5 22.
Bg4 d4 23. Bxf5 exf5 24. Nc4 Qe6 25. Qh4 Kg7 26. h3 Bd5 27. Kh2 h5 28. Nd2 a6
29. Nf3 Bxf3 30. Rxf3 Qe7 31. Qe1 Re8 32. Rf2 Rc7 33. Re2 Rc6 34. Qf2 Re6 35.
Qf3 h4 36. Rde1 Kh6 37. Qf2 Kg7 38. Qf3 Rh8 39. Kg1 Qd7 40. Kh2 Qc7 41. Kg1 Rc8
42. Qf2 Qe7 43. Kh2 Qd8 44. Qf3 Rc7 45. Kh1 Rce7 46. Qf2 Re8 47. Qf3 Qa8 48. Qf2
Rh8 49. Rb1 Qd5 50. Rbe1 a5 51. Kh2 Kf8 52. Kh1 Kg7 53. Kh2 Kf8 54. Kh1 Kg7 55.
Kh2 1/2-1/2

[Event "Olimpiade 2022 - Open"]
[Site "Chennai"]
[Date "05.08.2022"]
[Round "7.29"]
[Board "2"]
[White "Perez Ponsa, Federico"]
[Black "Nielsen, Hogni Egilstoft"]
[Result "1/2-1/2"]
[WhiteTitle "GM"]
[BlackTitle "FM"]
[WhiteElo "2554"]
[BlackElo "2414"]
[WhiteTeam "Argentina"]
[BlackTeam "Faroe Islands"]
[WhiteFideId "117927"]
[BlackFideId "7200404"]
[EventDate "2022.07.29"]

1. d4 Nf6 2. c4 e6 3. Nc3 Bb4 4. Qc2 c5 5. dxc5 Bxc5 6. Nf3 Qb6 7. e3 Qc7 8. a3
b6 9. Be2 Bb7 10. b4 Be7 11. Bb2 a6 12. O-O d6 13. Rac1 Nbd7 14. Rfd1 O-O 15. h3
Rac8 16. e4 Qb8 17. Bd3 Rfd8 18. Qe2 Nf8 19. Qe3 N6d7 20. Ne2 Ng6 21. Ng3 Qc7
22. Nh5 Nde5 23. Be2 Nxf3+ 24. Qxf3 e5 25. Qg4 Qc6 26. Bd3 Bf8 27. Rf1 Qd7 28.
Rfd1 Qe6 29. Qg3 Rb8 30. Qe3 Be7 31. Be2 Qc8 32. Qxb6 Bxe4 33. Qe3 Qb7 34. Bf1
h6 35. Re1 Bc6 36. Rcd1 Bg5 37. Qg3 Qb6 38. Bd3 Qb7 39. Bxg6 fxg6 40. h4 Bxh4
41. Qxh4 gxh5 42. Rxe5 dxe5 43. Rxd8+ Rxd8 44. Qxd8+ Kh7 45. Qd3+ e4 46. Qd4 h4
47. Qe5 Qd7 48. Bd4 e3 49. Qxe3 Qg4 50. f3 Bxf3 51. Qxf3 Qxd4+ 52. Kh2 Qxc4 53.
Qf5+ Kg8 54. Kh3 Qc6 55. Qg4 Qc3+ 56. Kxh4 Qxa3 57. Qe6+ Kf8 58. Qf5+ Ke7 59.
Qe5+ Kf7 60. Qf5+ Ke7 1/2-1/2

[Event "Olimpiade 2022 - Open"]
[Site "Chennai"]
[Date "05.08.2022"]
[Round "7.29"]
[Board "3"]
[White "Rodgaard, John"]
[Black "Krysa, Leandro"]
[Result "0-1"]
[WhiteTitle "IM"]
[BlackTitle "GM"]
[WhiteElo "2324"]
[BlackElo "2515"]
[WhiteTeam "Faroe Islands"]
[BlackTeam "Argentina"]
[WhiteFideId "7200013"]
[BlackFideId "116807"]
[EventDate "2022.07.29"]

1. Nf3 d5 2. d4 Nf6 3. c4 e6 4. g3 dxc4 5. Qa4+ Nbd7 6. Bg2 a6 7. Qxc4 b5 8. Qc6
Rb8 9. Bf4 Bb7 10. Qxc7 Qxc7 11. Bxc7 Bb4+ 12. Nbd2 Rc8 13. Bf4 Rc2 14. O-O Nd5
15. Rfc1 Rxb2 16. a3 Ba5 17. a4 Nxf4 18. gxf4 Ke7 19. axb5 Bxd2 20. Nxd2 Bxg2
21. Nc4 Rxb5 22. Kxg2 Rc8 23. Ne5 Rxc1 24. Rxc1 Nxe5 25. fxe5 Kd7 26. Ra1 a5 27.
e4 Kc6 28. Kf3 f6 29. exf6 gxf6 30. Kf4 Kb6 31. Ke3 Rb3+ 32. Kf4 Rb4 33. Rd1
Rxd4 34. Rxd4 e5+ 35. Ke3 exd4+ 36. Kxd4 a4 37. f4 a3 38. Kc3 Kc5 39. Kb3 Kd4
40. e5 fxe5 41. fxe5 Kxe5 42. Kxa3 Kf4 43. Kb3 Kg4 44. Kc3 Kh3 45. Kd3 Kxh2 46.
Ke4 Kg3 47. Ke3 h5 48. Ke2 Kg2 49. Ke3 h4 50. Kf4 h3 0-1

[Event "Olimpiade 2022 - Open"]
[Site "Chennai"]
[Date "05.08.2022"]
[Round "7.29"]
[Board "4"]
[White "Tristan, Leonardo"]
[Black "Apol, Luitjen Akselsson"]
[Result "1-0"]
[WhiteTitle "GM"]
[WhiteElo "2558"]
[BlackElo "2289"]
[WhiteTeam "Argentina"]
[BlackTeam "Faroe Islands"]
[WhiteFideId "113816"]
[BlackFideId "7202466"]
[EventDate "2022.07.29"]

1. d4 Nf6 2. c4 g6 3. Nc3 Bg7 4. e4 d6 5. Nf3 O-O 6. Be2 e5 7. d5 Na6 8. Nd2 Ne8
9. h4 h5 10. Nf1 c5 11. Bg5 Nf6 12. Qd2 Nc7 13. Ne3 Qe8 14. Bxf6 Bxf6 15. g4
hxg4 16. Bxg4 Kg7 17. O-O-O Rh8 18. Bxc8 Qxc8 19. Rdg1 Rh5 20. Ne2 Kf8 21. Ng3
Rh8 22. h5 Ke7 23. Qe2 Qd7 24. hxg6 fxg6 25. Ngf5+ gxf5 26. Nxf5+ Kf7 27. Qg4
Rxh1 28. Qg6+ 1-0

[Event "Olimpiade 2022 - Open"]
[Site "Chennai"]
[Date "05.08.2022"]
[Round "7.30"]
[Board "1"]
[White "Hossain, Enamul"]
[Black "Grandelius, Nils"]
[Result "1-0"]
[WhiteTitle "GM"]
[BlackTitle "GM"]
[WhiteElo "2377"]
[BlackElo "2655"]
[WhiteTeam "Bangladesh"]
[BlackTeam "Sweden"]
[WhiteFideId "10200649"]
[BlackFideId "1710400"]
[EventDate "2022.07.29"]

1. e4 c5 2. Nf3 d6 3. d4 cxd4 4. Nxd4 Nf6 5. Nc3 a6 6. f3 e5 7. Nb3 Be6 8. Be3
h5 9. Qd2 Nbd7 10. O-O-O Be7 11. Kb1 Rc8 12. Bd3 b5 13. h3 h4 14. f4 Qc7 15.
Rhe1 O-O 16. a3 exf4 17. Bxf4 Ne5 18. Nd4 Qb7 19. Nd5 Nxd5 20. exd5 Qxd5 21.
Nxe6 Qxe6 22. Be4 Bf6 23. Qa5 Nc4 24. Qxa6 Qd7 25. Bc1 Rc7 26. Bd5 Qf5 27. Re2
Rb8 28. Ka2 Be5 29. c3 Qd7 30. Rf2 Qd8 31. Rxf7 Rxf7 32. Qa7 Qf8 33. Rf1 Bf6 34.
Bxf7+ Qxf7 35. Qxb8+ Kh7 36. Qxb5 Nd2+ 37. Ka1 Nxf1 38. Qxf1 Qd5 39. Qf3 Qb3 40.
Kb1 d5 41. Qd3+ Kg8 42. Be3 Be7 43. Qc2 Qb5 44. a4 Qf1+ 45. Ka2 Bf6 46. Qd2 Qc4+
47. b3 Qe4 48. a5 Qe6 49. Bd4 Qa6 50. b4 Be7 51. Qe3 Bf8 52. Kb2 Qc4 53. Qe6+
Kh7 54. Qg4 Kg8 55. Bxg7 1-0